Na pomezí Eternaalu /

Hlavní autor: Kadlečková, Vilma, 1971-
Jazyk: Čeština
Vydáno: [Praha] : WS, 1990
Vydání: 1. vyd.
Edice: Science fiction - Mlok
Témata:
Externí odkaz: Digitalizovaný dokument
Fyzický popis: 129 s. ; 20 cm
Knihy
Uloženo v:
LEADER 01307nam a2200373 a 4500
001 001126863
003 CZ BrMZK
005 20101208115044.0
007 ta
008 911007s1990 xr g 000 0 cze
015 |a cnb000062473 
020 |a 80-900217-3-5  |q (brož.) 
035 |a (OCoLC)39574582 
040 |a BOA001  |b cze 
072 7 |a 821.162.3-3  |x Česká próza  |2 Konspekt  |9 25 
080 |a 821.162.3-32  |2 MRF 
080 |a (0:82-321.9)  |2 MRF 
100 1 |a Kadlečková, Vilma,  |d 1971-  |7 jn19990209333  |4 aut 
245 1 0 |a Na pomezí Eternaalu /  |c Vilma Kadlečková 
250 |a 1. vyd. 
260 |a [Praha] :  |b WS,  |c 1990 
300 |a 129 s. ;  |c 20 cm 
490 1 |a Science fiction - Mlok 
500 |a Terminologický slovník 
655 7 |a české povídky  |7 fd133971  |2 czenas 
655 7 |a české novely  |7 fd133969  |2 czenas 
655 7 |a vědecko-fantastické povídky  |7 fd133845  |2 czenas 
655 7 |a vědecko-fantastické novely  |7 fd133844  |2 czenas 
830 0 |a Science fiction - Mlok 
856 4 1 |u http://www.digitalniknihovna.cz/mzk/uuid/uuid:fd8c59f0-615e-11e2-9d9f-005056827e52  |y Digitalizovaný dokument  |x NDK 
910 2 |a BOA001  |b 1-1252.741 
990 |a BK 
991 |b 201012  |e b 
996 6 |b 2610453436  |c 1-1252.741  |l MZK  |r Sklad / do 1 hodiny  |n 4  |p dar  |w 001156630  |u 000010  |a 1  |e BOA001  |j MZK50  |s P